• 首页
  • 本馆介绍
  • 公告通知
  • 最新文献
  • 馆藏检索
  • 电子资源
  • 读者导购
  • 参考咨询
  • 我的图书馆
  • 登录
  • 详细信息显示
  • 放入我的书架
  • 预约/预借图书
  • 作者相关作品
  • 分类相关作品
  • 丛书相关作品
  • 出版社相关作品

书目信息

  • 表格格式
  • 工作单格式
  • 卡片格式
题名:
无机材料物理化学
    
 
作者: 贺蕴秋 , 王德平 , 徐振平 编著
分册:  
出版信息: 北京   化学工业出版社  2005
页数: 223页
开本: 26cm
丛书名: 高等学校教材
单 册:
中图分类: TB321
科图分类:
主题词: 无机材料--物理化学--高等学校--教材
电子资源:
ISBN: 7-5025-7237-6
000 01273nam0 2200361 450
000 01236nam0 2200349 450
000 01205nam0 2200349 450
000 01151nam0 2200325 450
000 01180nam0 2200313 450
000 01143nam0 2200301 45
001 01234000291
005 20070111160706.25
010    @a7-5025-7237-6@dCNY25.00
100    @a20060829d2005 em y0chiy0110 ea
101 0  @achi
102    @aCN@b110000
105    @aa a 000yy
200 1  @a无机材料物理化学@Awu ji cai liao wu li hua xue@f贺蕴秋, 王德平, 徐振平编著@FHe Yun Qiu , Wang De Ping , Xu Zhen Ping Bian Zhu
210    @a北京@c化学工业出版社@d2005
215    @a223页@c图@d26cm
225 2  @a高等学校教材
320    @a有书目
330    @a本书内容着重介绍无机材料相关的基础理论和基本概念,全书共10章,包括:几何结晶学基础、晶体化学基础和无机化合物晶体结构等。
410  0 @12001 @a高等学校教材
606 0  @a无机材料@x物理化学@x高等学校@x教材
690    @aTB321@v4
701  0 @a贺蕴秋@Ahe yun qiu@4编著
701  0 @a王德平@Awang de ping@4编著
701  0 @a徐振平@Axu zhen ping@4编著
801  0 @aCN@b中图数据@c20070111
905    @a10447@dTB321@e129
    
    无机材料物理化学/贺蕴秋, 王德平, 徐振平编著.-北京:化学工业出版社,2005
    223页:图;26cm.-(高等学校教材)
    
    
    ISBN 7-5025-7237-6:CNY25.00
    本书内容着重介绍无机材料相关的基础理论和基本概念,全书共10章,包括:几何结晶学基础、晶体化学基础和无机化合物晶体结构等。
●
相关链接 在E读中查询图书 在五车中查询图书 在当当中查询图书 在豆瓣中查询图书


正题名:无机材料物理化学     索取号:TB321/129         预约/预借

序号 登录号 条形码 馆藏地/架位号 状态 备注
1 0613262   206132629   第二样本阅览室/ [索取号:TB321/129] 在馆    
2 0613263   206132638   密集书库/ [索取号:TB321/129] 在馆    
3 0613264   206132647   密集书库/ [索取号:TB321/129] 在馆    
4 0613265   206132656   第三借阅区/ [索取号:TB321/129] 在馆    
5 0613266   206132665   第三借阅区/ [索取号:TB321/129] 在馆    
6 0613267   206132674   密集书库/ [索取号:TB321/129] 在馆    
唐山师范学院图书馆 欢迎您!
大连网信软件有限公司© 版权所有